[Event "BLR-ch sf (Women)"]
[Site "Minsk"]
[Date "2023.12.09"]
[Round "3"]
[White "Zubaryk, Maryia"]
[Black "Grushchenkova, Varvara"]
[Result "1-0"]
[WhiteElo "1477"]
[BlackElo "1147"]
[PlyCount "75"]
[EventDate "2023.12.07"]
[EventType "swiss"]
[EventRounds "9"]
[EventCountry "BLR"]
[SourceTitle "CB51_2023"]
[SourceDate "2023.12.20"]
[SourceVersion "1"]
[SourceVersionDate "2023.12.20"]
[SourceQuality "1"]

1. e4 c5 2. Nf3 e6 3. d4 cxd4 4. Nxd4 Nf6 5. Nc3 Nc6 6. Ndb5 d6 7. Bf4 e5 8. Bg5 Be6 9. Bxf6 gxf6 10. Nd5 Bxd5 11. Qxd5 a6 12. Bc4 Qd7 13. Na3 Rc8 14. c3 b5 15. Bb3 Na5 16. Nc2 Nc4 17. Bxc4 Rxc4 18. Ne3 Rc5 19. Qa8+ Qc8 20. Qxc8+ Rxc8 21. Rd1 Ke7 22. Ke2 Ke6 23. Rd5 h5 24. a4 Rb8 25. axb5 Rxb5 26. Rxb5 axb5 27. Ra1 Be7 28. Nf5 Rg8 29. Ra7 Bd8 30. g3 d5 31. Ra6+ Kd7 32. exd5 Rg4 33. Ra7+ Ke8 34. d6 Ra4 35. Rb7 Re4+ 36. Kd3 Ra4 37. d7+ Kf8 38. Rb8 1-0

[Event "BLR-ch sf (Women)"]
[Site "Minsk"]
[Date "2023.12.07"]
[Round "1"]
[White "Zubaryk, Maryia"]
[Black "Baranova, Valentina"]
[Result "1-0"]
[WhiteElo "1477"]
[BlackElo "1162"]
[PlyCount "87"]
[EventDate "2023.12.07"]
[EventType "swiss"]
[EventRounds "9"]
[EventCountry "BLR"]
[SourceTitle "CB51_2023"]
[SourceDate "2023.12.20"]
[SourceVersion "1"]
[SourceVersionDate "2023.12.20"]
[SourceQuality "1"]

1. e4 d6 2. d4 g6 3. Nc3 Bg7 4. Nf3 a6 5. a4 b6 6. Be3 Nd7 7. Bc4 h6 8. Qd2 Bb7 9. h3 e6 10. 0-0 Ne7 11. Rfe1 g5 12. Bd3 e5 13. Ne2 Ng6 14. Ng3 Nf4 15. Nf5 0-0 16. h4 Nxd3 17. cxd3 f6 18. Nh2 exd4 19. Bxd4 Nc5 20. Ra3 Ne6 21. Bc3 Kh7 22. Qe2 Bc6 23. Bd2 Be8 24. d4 Rg8 25. hxg5 fxg5 26. d5 Nd4 27. Nxd4 Bxd4 28. Ng4 Bd7 29. Rh3 Bxg4 30. Qxg4 Qf6 31. Rf3 Qg6 32. Qd7+ Rg7 33. Qc6 Rd8 34. Bc3 Bxc3 35. Qxc3 Re8 36. Rf6 Qh5 37. Qc2 Kh8 38. Qc3 Re5 39. Re3 Qe8 40. Rxh6+ Rh7 41. Rxh7+ Kxh7 42. Qxc7+ Qe7 43. Qc2 Kg6 44. Qe2 1-0

[Event "Online Friendship U12"]
[Site "Tornelo INT"]
[Date "2020.11.21"]
[Round "4.2"]
[White "Zubaryk, Maryia"]
[Black "Liavonava, Yuliya"]
[Result "0-1"]
[WhiteElo "1128"]
[BlackElo "1333"]
[PlyCount "64"]
[EventDate "2020.11.21"]
[EventType "team-swiss"]
[EventRounds "7"]
[EventCountry "BLR"]
[SourceTitle "CBM 199 Extra"]
[Source "ChessBase"]
[SourceDate "2021.01.31"]
[SourceVersion "1"]
[SourceVersionDate "2021.01.31"]
[SourceQuality "1"]
[WhiteTeam "Belarus FIDE Academy"]
[BlackTeam "Belarus Gomel"]
[WhiteTeamCountry "BLR"]
[BlackTeamCountry "BLR"]

1. e4 c5 2. Nf3 d6 3. d4 cxd4 4. Nxd4 Nf6 5. Nc3 a6 6. Bg5 e6 7. Qd2 Be7 8. 0-0-0 0-0 9. Kb1 Nbd7 10. Bc4 Nc5 11. Bxf6 Bxf6 12. Rhe1 Qc7 13. Bd3 b5 14. Nb3 Bb7 15. f3 Rac8 16. Ne2 Na4 17. c3 b4 18. Rc1 bxc3 19. Nxc3 Bxc3 20. bxc3 Nxc3+ 21. Kb2 Na4+ 22. Ka3 Qd7 23. Qb4 Bc6 24. Bxa6 Ra8 25. Be2 Rfb8 26. Qd2 Nc3+ 27. Kb2 Rxa2+ 28. Kxc3 Rxb3+ 29. Kxb3 Rxd2 30. Ra1 Qb7+ 31. Kc3 Qb2+ 32. Kc4 Bb5# 0-1